| 000 | 00738nam a2200217 a 4500 | ||
|---|---|---|---|
| 003 | CBULib | ||
| 005 | 20260527091910.0 | ||
| 008 | 120416s1983 ||||||||||||||||| || u | ||
| 040 |
_bEnglish _cCBULib _erda |
||
| 050 | _aRA 967 App | ||
| 100 |
_aKleczkowski, B. M _95585 |
||
| 245 | 1 | 0 |
_aApproaches to planning and design of health care facilities in developing areas. Volume 4 _c/ edited by B. M. Kleczkowski and R. Pibouleau |
| 260 |
_aGeneva : _bWHO, _c1983 |
||
| 300 | _a322 pages : illustrations | ||
| 336 |
_2rdacontent _aText | _btxt |
||
| 337 |
_2rdamedia _aUnmediated | _bn |
||
| 338 |
_2rdacarrier _aVolume _bnc |
||
| 700 |
_aPibouleau, R. _95586 |
||
| 942 |
_2lcc _c002 |
||
| 999 |
_c34656 _d34656 |
||